Actividad físico-educativa en el medio natural: influencia de práctica física sobre la condición física en mujeres mayores (Record no. 191245)
[ view plain ]
| 000 -CABECERA | |
|---|---|
| campo de control de longitud fija | 02066nab a2200277 a 4500 |
| 005 - FECHA Y HORA DE LA ÚLTIMA TRANSACCIÓN | |
| campo de control | 20250306113612.0 |
| 008 - ELEMENTOS DE LONGITUD FIJA--INFORMACIÓN GENERAL | |
| campo de control de longitud fija | 991125c2014 sp fr p o 000 0 spa d |
| 035 ## - NÚMERO DE CONTROL DEL SISTEMA | |
| Número de control de sistema | UPN01000219145 |
| 040 ## - FUENTE DE LA CATALOGACIÓN | |
| Centro catalogador/agencia de origen | UPN |
| Lengua de catalogación | spa |
| Centro/agencia transcriptor | UPN |
| Normas de descripción | aacr2 |
| 049 ## - COLECCIÓN | |
| Colección | ART-E |
| 100 1# - ASIENTO PRINCIPAL--NOMBRE PERSONAL | |
| Nombre de persona | Ruiz Montero, Pedro J. |
| 100 1# - ASIENTO PRINCIPAL--NOMBRE PERSONAL | |
| Nombre de persona | Baena Extremera, Antonio |
| Enlace | - abaenaextrem@um.es |
| 100 1# - ASIENTO PRINCIPAL--NOMBRE PERSONAL | |
| Nombre de persona | Ayala Martínez, José David |
| 245 10 - MENCIÓN DE TÍTULO | |
| Título | Actividad físico-educativa en el medio natural: influencia de práctica física sobre la condición física en mujeres mayores |
| Medio | [recurso electrónico en línea] |
| 506 0# - NOTA DE RESTRICCIONES AL ACCESO | |
| Limitaciones de acceso | Acceso abierto |
| 520 3# - NOTA DE RESUMEN, ETC. | |
| Sumario, etc. | Las actividades físicas en el medio natural han experimentado un auge considerable en la última década hasta el día de hoy. A esto hay que sumarle la función de distensión que puede producir en personas inmersas en las imposiciones actuales de nuestra sociedad. La muestra del presente estudio se compone de 43 mujeres, todas ellas participantes del programa de Actividad Física para Mayores de la provincia de Málaga, con edades comprendidas entre los 60 y 79 años y que pertenecen a tres poblaciones inferiores a 3.000 habitantes, en una comarca denominada Sierra de las Nieves. Las participantes cumplimentaron un cuestionario sociodemográfico sobre la participación en el citado programa y realizaron todas las pruebas físicas de las que se compone el Senior Fitness Test (Rikli and Jones, 1999). Los resultados obtenidos muestran diversas correlaciones negativas entre diferentes variables de la condición física de las participantes con determinadas características sociodemográficas y muy pocas relaciones positivas entre las mismas variables. |
| 650 #2 - ASIENTO SECUNDARIO DE MATERIA - TERMINO TEMATICO | |
| 9 (RLIN) | 27578 |
| Término de materia o nombre geográfico como elemento de entrada | Adultos mayores |
| 650 #0 - ASIENTO SECUNDARIO DE MATERIA - TERMINO TEMATICO | |
| 9 (RLIN) | 47201 |
| Término de materia o nombre geográfico como elemento de entrada | Condición física |
| 650 #2 - ASIENTO SECUNDARIO DE MATERIA - TERMINO TEMATICO | |
| Término de materia o nombre geográfico como elemento de entrada | Mujeres |
| 9 (RLIN) | 7160 |
| 653 0# - TERMINO DE INDIZACION - NO CONTROLADO | |
| Término no controlado | Medio natural |
| 773 ## - ENLACE AL DOCUMENTO FUENTE/ENTRADA DE REGISTRO ANFITRIÓN | |
| Parte(s) relacionada(s) | Vol. 7, no. 15 (2014), p. 55-63 |
| Título | Espiral. Cuadernos del profesorado |
| Número Internacional Normalizado para Publicaciones Seriadas | 1988-7701 |
| 856 4# - LOCALIZACIÓN Y ACCESO ELECTRÓNICOS | |
| Identificador Uniforme del Recurso | <a href="https://ojs.ual.es/ojs/index.php/ESPIRAL/article/view/979/902">https://ojs.ual.es/ojs/index.php/ESPIRAL/article/view/979/902</a> |
| 902 ## - ELEMENTOS DE DATOS B LOCAL, LDB (RLIN) | |
| Creó | Gloria Jiménez/0824 |
| 905 ## - TIPO DE MATERIAL | |
| Tipo de material | Articulo |
| 942 ## - ELEMENTOS DE PUNTO DE ACCESO ADICIONAL (KOHA) | |
| Tipo de ítem Koha | Artículo Electrónico |
| Estado de retiro | Estado de pérdida | Estado dañado | No para préstamo | Código de colección | Localización permanente | Ubicación/localización actual | Ubicación en estantería | Fecha de adquisición | Total de préstamos | Fecha visto por última vez | Identificador Uniforme del Recurso | Precio válido a partir de | Tipo de ítem Koha |
|---|---|---|---|---|---|---|---|---|---|---|---|---|---|
| Acceso abierto | Bib. Gregorio Torres Quintero | Bib. Gregorio Torres Quintero | En línea | 14/08/2024 | 14/08/2024 | https://ojs.ual.es/ojs/index.php/ESPIRAL/article/view/979/902 | 14/08/2024 | Artículo Electrónico |
